书目信息 |
| 题名: |
他们
|
|
| 作者: | 关成华 主编 | |
| 分册: | 下篇 | |
| 出版信息: | 北京 人民出版社 2004.09 |
|
| 页数: | 307页 | |
| 开本: | 21cm | |
| 丛书名: | ||
| 单 册: | ||
| 中图分类: | I253 | |
| 科图分类: | ||
| 主题词: | 青年先进人物--事迹--北京市 , 传记文学--中国 | |
| 电子资源: | ||
| ISBN: | 7-01-004352-3 | |
| 000 | 00709nam0 2200229 450 | |
| 001 | 251887 | |
| 005 | 20100715161613.09 | |
| 010 | @a7-01-004352-3@dCNY40.00 | |
| 100 | @a20100515d2004 km y0chiy0120 ea | |
| 101 | 0 | @achi |
| 102 | @aCN@b110000 | |
| 105 | @aa z 000yy | |
| 200 | 1 | @a他们@Ata men@h下篇@f关成华主编@Fguan cheng hua zhu bian |
| 210 | @a北京@c人民出版社@d2004.09 | |
| 215 | @a307页@c图@d21cm | |
| 330 | @a本书收录了自1993年以来评选出的五届共45名北京十大杰出青年,生动地再现了杰出青年走向成功的心路历程。 | |
| 606 | 0 | @a青年先进人物@x事迹@y北京市 |
| 606 | 0 | @a传记文学@x中国 |
| 690 | @aI253@v4 | |
| 701 | 0 | @a关成华@Aguan cheng hua@4主编 |
| 801 | 0 | @aCN@c20100515 |
| 905 | @dI253@eG540:2@f3 | |
| 他们.下篇/关成华主编.-北京:人民出版社,2004.09 |
| 307页:图;21cm |
| ISBN 7-01-004352-3:CNY40.00 |
| 本书收录了自1993年以来评选出的五届共45名北京十大杰出青年,生动地再现了杰出青年走向成功的心路历程。 |
| ● |
| 相关链接 |
|
|
|
正题名:他们
索取号:I253/G540:2
 
预约/预借
| 序号 | 登录号 | 条形码 | 馆藏地/架位号 | 状态 | 备注 |
| 1 | 992562 | 209925624 | 自科二线404/108文学库 67排1列5层/ [索取号:I253/G540:2] | 在馆 | |
| 2 | 992563 | 209925633 | 自科二线404/108文学库 67排1列5层/ [索取号:I253/G540:2] | 在馆 | |
| 3 | 992564 | 209925642 | 自科二线404/108文学库 67排1列5层/ [索取号:I253/G540:2] | 在馆 |